00506nam a2200157Ia 4500008004100000020001400041022001500055040001300070082001400083100002000097245006300117260004900180300003100229500006300260650002500323191130s2003##################000#0#eng## a130092215 a2003050441 aACLcACL a006.7 GRA aGratton, Dean A aBluetooth profiles : the definitive guidecDean A. Gratton aUpper Saddle River, NJbPrentice Hallcc2003 axx, 569 p. : ill. ; 24 cm. aIncludes bibliographical references (p. 547-549) and index aBluetooth technology